[Event "AUTO-INT-3634"]
[Site "http://www.queenalice.com/game.php?id=1641917"]
[Date "2021.1.29"]
[Round "1"]
[White "mestre62"]
[Black "vincenzo"]
[Result "0-1"]
[WhiteElo "1433"]
[BlackElo "1562"]

1. e4 e5 2. d3 d6 3. Be2 Nc6 4. Bd2 Bd7 5. Nc3 Nf6 6. h3 Be7 7. Nf3 h6 8. a3 O-O
9. Be3 a6 10. Nd5 Nxd5 11. exd5 Nd4 12. Nxd4 exd4 13. Bxd4 Bf6 14. Bxf6 Qxf6 15.
d4 Rae8 16. O-O Qg5 17. Bg4 Bxg4 18. Qxg4 Qxd5 19. c3 b5 20. Rfe1 f6 21. Rxe8
Rxe8 22. Qd7 Qf7 23. Qxf7+ Kxf7 24. g4 g5 25. b4 Re4 26. Re1 Rxe1+ 27. Kg2 d5
28. f3 Re3 29. Kg3 Rxc3 30. h4 Rxa3 31. hxg5 hxg5 32. Kf2 Rb3 33. Ke2 Rxb4 34.
Kd3 Rb3+ 35. Ke2 a5 36. Kd2 Rxf3 37. Kc2 f5 38. Kb2 fxg4 39. Kc2 g3 40. Kd2 g2
0-1

[Event "AUTO-INT-3636"]
[Site "http://www.queenalice.com/game.php?id=1642386"]
[Date "2021.2.3"]
[Round "1"]
[White "vincenzo"]
[Black "SGF"]
[Result "0-1"]
[WhiteElo "1573"]
[BlackElo "1637"]

1. d4 d5 2. e3 e6 3. Nf3 f6 4. Be2 Bb4+ 5. c3 Bd6 6. O-O c6 7. b4 Qc7 8. g3 h5
9. h4 Nh6 10. Bd3 O-O 11. Ba3 Ng4 12. Nh2 Nxf2 13. Rxf2 Bxg3 14. Rg2 Bxh2+ 15.
Rxh2 Qg3+ 16. Kh1 Qxe3 17. Qd2 Qf3+ 18. Rg2 Qh3+ 19. Rh2 Qf3+ 20. Rg2 e5 21. b5
Bh3 22. bxc6 Nxc6 23. Bxf8 Rxf8 24. Bb5 e4 25. Qf2 Bxg2+ 26. Qxg2 Qxg2+ 27. Kxg2
g5 28. Bxc6 bxc6 29. hxg5 fxg5 30. Nd2 e3 31. Nb3 h4 32. Nc5 Rf2+ 33. Kg1 h3 34.
Rf1 h2+ 35. Kh1 Rxf1+ 0-1

[Event "AUTO-INT-3636"]
[Site "http://www.queenalice.com/game.php?id=1642387"]
[Date "2021.2.3"]
[Round "1"]
[White "SGF"]
[Black "vincenzo"]
[Result "1-0"]
[WhiteElo "1694"]
[BlackElo "1716"]

1. e4 e5 2. Qf3 d6 3. d3 Nc6 4. c3 Bd7 5. Be2 Nf6 6. Qg3 Be7 7. Bf3 O-O 8. Bh6
g6 9. Bxf8 Qxf8 10. h4 Qg7 11. h5 Nxh5 12. Bxh5 gxh5 13. Qxg7+ Kxg7 14. Rxh5 Rg8
15. Nd2 h6 16. f3 Kh7 17. g4 Rg5 18. Rxg5 Bxg5 19. O-O-O b5 20. b4 a5 21. bxa5
Nxa5 22. Kc2 c5 23. Nb3 Nxb3 24. axb3 Kg6 25. Nh3 Bh4 26. c4 b4 27. Ra1 Bf2 28.
Nxf2 1-0

[Event "AUTO-INT-3636"]
[Site "http://www.queenalice.com/game.php?id=1642388"]
[Date "2021.2.3"]
[Round "1"]
[White "vincenzo"]
[Black "mattbel"]
[Result "0-1"]
[WhiteElo "1562"]
[BlackElo "1743"]

1. d4 d5 2. e3 Bd7 3. Nf3 e6 4. Be2 Be7 5. O-O Nf6 6. c3 O-O 7. b4 a6 8. h3 b5
9. Ne5 Bc8 10. Bd3 Bd6 11. Nd2 c5 12. bxc5 Be7 13. Be2 Ne4 14. Nxe4 f6 15. Nxf6+
Bxf6 16. Ba3 Qe7 17. Qc1 Qc7 18. Qc2 Nc6 19. Nxc6 Qxc6 20. Bd3 g6 21. e4 a5 22.
e5 Bg5 23. Bc1 Be7 24. Bxg6 Bd7 25. Bxh7+ Kh8 26. Bd3 Be8 0-1

[Event "AUTO-INT-3636"]
[Site "http://www.queenalice.com/game.php?id=1642389"]
[Date "2021.2.3"]
[Round "1"]
[White "mattbel"]
[Black "vincenzo"]
[Result "1-0"]
[WhiteElo "1734"]
[BlackElo "1560"]

1. e4 e5 2. Nf3 d6 3. Be2 Nf6 4. Bd3 Be7 5. O-O O-O 6. Nc3 a6 7. a3 h6 8. Bc4
Bd7 9. d4 b5 10. Bb3 exd4 11. Nxd4 c5 12. Nf3 c4 13. Ba2 Nc6 14. b4 cxb3 15.
Bxb3 Rc8 16. a4 b4 17. Ne2 Nxe4 18. Qd3 Nc5 19. Qc4 Nxb3 20. cxb3 a5 21. Bb2 Bf6
22. Rab1 Bxb2 23. Rxb2 Ne5 24. Qf4 Nd3 25. Qd4 Nxb2 26. Qxb2 Bc6 27. Nfd4 Re8
28. Nf5 f6 29. Qd4 Rxe2 30. Qg4 Re7 31. Nxh6+ 1-0

[Event "AUTO-INT-3636"]
[Site "http://www.queenalice.com/game.php?id=1642390"]
[Date "2021.2.3"]
[Round "1"]
[White "vincenzo"]
[Black "ungern"]
[Result "1-0"]
[WhiteElo "1551"]
[BlackElo "1419"]

1. d4 d5 2. e3 Nf6 3. Nf3 Nc6 4. Be2 Ne4 5. O-O e6 6. a3 Bd6 7. Ne5 Nxe5 8. dxe5
Bxe5 9. Bf3 Qh4 10. g3 Qf6 11. Bxe4 dxe4 12. Nd2 Qg6 13. c3 O-O 14. Qc2 Bd7 15.
Nxe4 f5 16. Nc5 Bc6 17. Qb3 Bd5 18. c4 Be4 19. Nd7 Rfd8 20. Nxe5 Qh5 21. Qc3 a6
22. b4 c6 23. Bb2 Rd3 24. Nxd3 1-0

[Event "AUTO-INT-3636"]
[Site "http://www.queenalice.com/game.php?id=1642391"]
[Date "2021.2.3"]
[Round "1"]
[White "ungern"]
[Black "vincenzo"]
[Result "1-0"]
[WhiteElo "1549"]
[BlackElo "1590"]

1. e4 e5 2. Nf3 d6 3. Nc3 Nc6 4. d3 Nf6 5. Be3 Be7 6. Be2 O-O 7. Nd5 Nxd5 8.
exd5 Nd4 9. Nxd4 exd4 10. Bxd4 Bf6 11. c3 Bxd4 12. cxd4 Qf6 13. O-O Qxd4 14. Qb3
b6 15. Bf3 Ba6 16. Rac1 Rac8 17. Be4 Bb7 18. h3 a5 19. Rfe1 Qf6 20. f3 Qg5 21.
Qc2 Bxd5 22. d4 Bxe4 23. Qxe4 1-0

[Event "AUTO-INT-3626"]
[Site "http://www.queenalice.com/game.php?id=1647449"]
[Date "2021.3.22"]
[Round "2"]
[White "vincenzo"]
[Black "akleetch"]
[Result "0-1"]
[WhiteElo "1488"]
[BlackElo "1702"]

1. d4 d5 2. e3 a6 3. Nf3 Bg4 4. Be2 Nc6 5. a3 e5 6. O-O Bd6 7. h3 Bh5 8. dxe5
Nxe5 9. Nxe5 Bxe2 10. Nxf7 Bxd1 11. Nxd8 Bxc2 12. Nxb7 Be5 13. Nd2 Nf6 14. Nf3
Nd7 15. Nxe5 Nxe5 16. Nc5 O-O 17. Bd2 Rf6 18. Bc3 Rf5 19. Rac1 Be4 20. Bxe5 Rxe5
21. Nxe4 dxe4 22. Rxc7 Rb5 23. b4 a5 24. bxa5 Rbxa5 25. Re7 Ra4 26. Rd1 Rxa3 27.
Rxe4 h6 28. Kh2 Ra2 29. f4 R8a5 30. Red4 R5a3 31. R4d3 Ra6 32. R1d2 Ra1 33. e4
Rf1 34. f5 Kf7 35. Rd6 Re1 0-1

[Event "AUTO-INT-3626"]
[Site "http://www.queenalice.com/game.php?id=1647450"]
[Date "2021.3.22"]
[Round "2"]
[White "akleetch"]
[Black "vincenzo"]
[Result "1-0"]
[WhiteElo "1754"]
[BlackElo "1553"]

1. e4 e5 2. Nc3 d6 3. h3 Nc6 4. Bb5 Bd7 5. Nf3 h6 6. O-O Nf6 7. d4 a6 8. Ba4 Be7
9. d5 Nd4 10. Bxd7+ Qxd7 11. Nxd4 exd4 12. Qxd4 O-O 13. f4 c5 14. dxc6 bxc6 15.
Be3 Rab8 16. b3 c5 17. Qd3 Ne8 18. Bxc5 Bf6 19. e5 Bd8 20. Ne4 Bb6 21. Bxb6 Rxb6
22. Rad1 1-0

[Event "AUTO-INT-3626"]
[Site "http://www.queenalice.com/game.php?id=1647451"]
[Date "2021.3.22"]
[Round "2"]
[White "vincenzo"]
[Black "mitsho"]
[Result "0-1"]
[WhiteElo "1472"]
[BlackElo "1766"]

1. d4 d5 2. e3 Nc6 3. Nf3 Nf6 4. Be2 e6 5. O-O b6 6. Nc3 Bb4 7. Bd2 Bb7 8. Ne5
Nxe5 9. dxe5 Nd7 10. Bb5 O-O 11. Bxd7 Qxd7 12. a3 Be7 13. b4 a5 14. b5 c6 15. a4
Bb4 16. Ne2 cxb5 17. Bxb4 axb4 18. axb5 Qxb5 19. Rxa8 Rxa8 20. Qb1 Qxe2 0-1

[Event "AUTO-INT-3626"]
[Site "http://www.queenalice.com/game.php?id=1647452"]
[Date "2021.3.22"]
[Round "2"]
[White "mitsho"]
[Black "vincenzo"]
[Result "1-0"]
[WhiteElo "1770"]
[BlackElo "1468"]

1. d4 d5 2. c4 dxc4 3. Nf3 h6 4. e4 e5 5. Bxc4 Nf6 6. Nc3 exd4 7. Qxd4 Qxd4 8.
Nxd4 Be7 9. O-O O-O 10. Nf5 Bxf5 11. exf5 Nc6 12. Bf4 Bd6 13. Bxd6 cxd6 14. Nd5
Nxd5 15. Bxd5 Rfe8 16. b4 Re5 17. Bxc6 bxc6 18. g4 f6 19. Rac1 c5 20. f4 Re4 21.
bxc5 dxc5 22. Rxc5 Re2 23. a4 Rae8 24. Rf2 Re1+ 25. Kg2 Kh7 26. h4 R1e2 27. g5
1-0

[Event "AUTO-INT-3625"]
[Site "http://www.queenalice.com/game.php?id=1760447"]
[Date "2021.5.25"]
[Round "2"]
[White "vincenzo"]
[Black "deathbydixxon"]
[Result "0-1"]
[WhiteElo "1425"]
[BlackElo "1679"]

1. d4 c5 2. e3 cxd4 3. Qxd4 Nc6 4. Qd1 e5 5. Nf3 Nf6 6. Be2 d5 7. O-O e4 8. Nd4
Nxd4 9. Qxd4 b6 10. c3 Bc5 11. Qe5+ Be6 12. Bb5+ Ke7 0-1

[Event "AUTO-INT-3625"]
[Site "http://www.queenalice.com/game.php?id=1760448"]
[Date "2021.5.25"]
[Round "2"]
[White "deathbydixxon"]
[Black "vincenzo"]
[Result "1-0"]
[WhiteElo "1683"]
[BlackElo "1419"]

1. e4 e5 2. Nf3 d6 3. h3 Nf6 4. Nc3 Be7 5. Bc4 h6 6. d4 O-O 7. dxe5 dxe5 8. Qxd8
Rxd8 9. Nxe5 Be6 10. Bxe6 fxe6 11. Ng6 Nc6 12. O-O Bf8 13. e5 Nh7 14. Bf4 Bb4
15. Ne4 Nf8 16. Nxf8 1-0

[Event "AUTO-INT-3625"]
[Site "http://www.queenalice.com/game.php?id=1760450"]
[Date "2021.5.25"]
[Round "2"]
[White "Daniel1962"]
[Black "vincenzo"]
[Result "1-0"]
[WhiteElo "1643"]
[BlackElo "1545"]

1. e4 e5 2. Bc4 Nf6 3. d3 Be7 4. Nf3 h6 5. Nxe5 O-O 6. Nc3 Bb4 7. Bd2 d5 8. exd5
Bxc3 9. Bxc3 Nxd5 10. O-O Be6 11. Qf3 Nxc3 12. bxc3 Bxc4 13. Nxc4 1-0